Statistiques concernant Quiz sur l'Empire perse

Cliquez ici pour prendre le quiz!

Statistiques générales

  • Ce quiz a été pris 1 823 fois
  • Le résultat moyen est 9 sur 20

Statistiques - réponses

IndiceRéponse% Correct
Ville antique célèbre pour ses jardins suspendus de Mésopotamie que ce souverain a conquis en 539 av. J.-C.Babylone
89%
Conquérant grec qui mit fin à l'Empire en 330 av. J.-C.Alexandre le Grand
82%
Quelle bataille, donnant son nom à un type de course à pied, a lieu lors de son règne en - 490 av. J.-C. ?Bataille de {Marathon}
74%
Quel pays moderne envahit-il dans les années 480 av. J.-C., avec une armée estimée à un million d'hommes ?Grèce
70%
Ce dernier était roi de ce royaumeRoyaume de {Macédoine}
62%
Successeur de ce dernierXerxès Ier
56%
Quel groupe de personnes ce souverain a-t-il libéré de la captivité dans cet empire, avant de les aider à reconstruire leur terre ?Juifs
55%
Bataille lors de laquelle Leonidas, accompagné de 300 guerriers spartiates, meurtBataille des {Thermopyles}
53%
Quel souverain mena l'Empire perse à son apogée territoriale en ≈500 av. J.-C.Darius Ier
53%
Quel pays moderne a été envahi par Cambyse II en 525 av. J.-C. ?Egypte
48%
Quel fleuve séparait le territoire perse de l'Inde ?Indus
46%
Capitale de l'Empire qui inspira le titre d'une bande-dessinée de Marjane SatrapiPersépolis
45%
Le cylindre d'argile de ce roi est parfois considéré comme en étant la première charte{Droits} de l'homme
38%
Prophète à l'origine de la réforme fondant la religion d'Etat de l'EmpireZoroastre
37%
Fondateur de l'Empire perseCyrus le Grand
34%
Quelle dynastie a été fondée par ce dernier et a gouverné le premier Empire perse ?Achéménides
33%
Quelle ancienne route reliait les villes de Suse et de Sardes ?Voie {royale} perse
24%
Contre quel peuple s'est-il révolté pour fonder l'Empire ?Mèdes
18%
Langue devenue langue administrative de l'Empire suite à la conquête de la MésopotamieVieil araméen
16%
Monnaie de l'Empire, nommée d'après ce dernierDarique
9%

Distribution des résultats

Percentile par nombre de réponses

% des personnes avec chaque résultat

Votre développement - résultats

Vous n’avez pas pris ce quiz